000 00340nam a22001457a 4500
008 210312b ||||| |||| 00| 0 eng d
020 _a9780534579555
041 _aeng
080 _a316
082 _a316
100 _a50
101 _aSOC
245 _aEnvironment Energy and Society a new Synthesis
_cHumphrey, C. R
942 _2udc
_cBK
999 _c56522
_d56522